| 000 | 01148nam0a22002771 4500 | ||
|---|---|---|---|
| 001 | RU\NLR\INFOCOMM\LIB\28101 | ||
| 005 | 20250617205428.0 | ||
| 035 | _a(NLR Aleph) 004298771 | ||
| 090 |
_a2576421 _c2576421 |
||
| 100 | _a20020220d1977 |||y0rusy50 ca | ||
| 101 | 0 | _afin | |
| 102 | _aRU | ||
| 105 | _ay ||||000ay | ||
| 200 | 1 |
_aSuomen kielen harjoituskokoelma _eÄänne ja muoto-opillisia harjoituksia _fM. Kuusinen, M. Mullonen |
|
| 210 |
_aPetroskoi _cS.n _d1977 |
||
| 215 |
_a135с. _d28см |
||
| 300 | _aВ вып. дан.: Сборник упражнений по фонетике и морфологии финского языка: (Учеб. пособие) / Мартти Эсаевич Куусинен, Мария Ивановна Муллонен | ||
| 300 | _aВ надзаг.: VSFNT:n ammatillisen korkeaja keskikoulusivistyksen min. O. W. Kuusiselle nimetty Petroskoin valtionyliopisto | ||
| 700 | 1 |
_aKuusinen _bM. _gMartti _4070 |
|
| 701 | 1 |
_aMullonen _bM. _gMaria _4070 |
|
| 801 | 1 |
_aRU _bInfoComm _c20020220 |
|
| 801 | 0 |
_aRU _bNLR _gPSBO _c19840210 |
|
| 852 |
_aNLR _bН _jФин/4-1138 |
||
| 942 | _cBOOK | ||
| 980 | _aNB | ||